Ethics, Integrity and Policymaking : The Value of the Case Study.

Bibliographic Details
Main Author: O'Mathúna, Dónal.
Other Authors: Iphofen, Ron.
Format: eBook
Language:English
Published: Cham : Springer International Publishing AG, 2022.
Edition:1st ed.
Series:Research Ethics Forum Series
Subjects:
Online Access:Click to View
LEADER 01614nam a22003973i 4500
001 EBC7130729
003 MiAaPQ
005 20231204023228.0
006 m o d |
007 cr cnu||||||||
008 231204s2022 xx o ||||0 eng d
020 |a 9783031157462  |q (electronic bk.) 
020 |z 9783031157455 
035 |a (MiAaPQ)EBC7130729 
035 |a (Au-PeEL)EBL7130729 
035 |a (OCoLC)1350526636 
040 |a MiAaPQ  |b eng  |e rda  |e pn  |c MiAaPQ  |d MiAaPQ 
050 4 |a RA1-1270 
100 1 |a O'Mathúna, Dónal. 
245 1 0 |a Ethics, Integrity and Policymaking :  |b The Value of the Case Study. 
250 |a 1st ed. 
264 1 |a Cham :  |b Springer International Publishing AG,  |c 2022. 
264 4 |c {copy}2022. 
300 |a 1 online resource (211 pages) 
336 |a text  |b txt  |2 rdacontent 
337 |a computer  |b c  |2 rdamedia 
338 |a online resource  |b cr  |2 rdacarrier 
490 1 |a Research Ethics Forum Series ;  |v v.9 
588 |a Description based on publisher supplied metadata and other sources. 
590 |a Electronic reproduction. Ann Arbor, Michigan : ProQuest Ebook Central, 2023. Available via World Wide Web. Access may be limited to ProQuest Ebook Central affiliated libraries.  
655 4 |a Electronic books. 
700 1 |a Iphofen, Ron. 
776 0 8 |i Print version:  |a O'Mathúna, Dónal  |t Ethics, Integrity and Policymaking  |d Cham : Springer International Publishing AG,c2022  |z 9783031157455 
797 2 |a ProQuest (Firm) 
830 0 |a Research Ethics Forum Series 
856 4 0 |u https://ebookcentral.proquest.com/lib/matrademy/detail.action?docID=7130729  |z Click to View